00721 2200265 4500001002100000005001700021008004100038020002200079035002400101040001200125041000800137082001600145084001600161090002000177090001800197100001900215245005000234260003600284300004400320504002700364650001200391850001200403990002200415990001800437INLIS00000000003082820170914153838.0  a978-979-1709-88-2 0010-091700000000196 aYOPDYOG0 aind042[23]a398.2 a398.2 Dar D aDEP 398.2 Dar D aK 398.2 Dar D0 aDARU WIJAYANTI0 aDongeng asal-usul nusantarac/ Daru Wijayanti aYogyakartabNew Diglossiac2016 aix, 251 hlm.b: ilus.c; 18 cm x 23 cm. aBibliografi : hlm. 251 4aDongeng aYOPDYOG aCB-D.11/2016-2397 a56907-PD/A.17